| 000 | 01933cas a2200481 a 4500 | ||
|---|---|---|---|
| 001 | data | ||
| 005 | 20260322212119.0 | ||
| 008 | data | ||
| 010 | _a 92645607 | ||
| 015 |
_a01605511X _2dnb |
||
| 016 | 7 |
_a1074431-9 _2DE-600 |
|
| 022 | _a0236-3127 | ||
| 023 | 0 | _a0236-3127 | |
| 029 | 1 |
_aAU@ _b000025650778 |
|
| 030 | _aINTVE3 | ||
| 035 | _a(OCoLC)27063745 | ||
| 040 |
_aDLC _beng _cDLC _dOCLCQ _dOCLCQ _dGBVCP _dOCLCO _dOCLCQ _dOCLCF _dWAU _dOCLCL _dOCLCQ |
||
| 042 | _apcc | ||
| 050 | 0 | 0 |
_aQA76 _b.I827 |
| 245 | 0 | 0 |
_aItogi nauki i tekhniki. _pSerii͡a Vychislitelʹnye nauki / _cGosudarstvennyĭ komitet SSSR po nauke i tekhnike, Akademii͡a nauk SSSR, Vsesoi͡uznyĭ institut nauchnoĭ i tekhnicheskoĭ informat͡sii. |
| 246 | 3 | 0 | _aSerii͡a Vychislitelʹnye nauki |
| 246 | 3 | 0 | _aVychislitelʹnye nauki |
| 246 | 1 | 4 |
_aItogi nauki i tekhniki. _pVychislitelʹnye nauki |
| 260 |
_aMoskva : _bVINITI |
||
| 300 |
_av. : _bill. ; _c22 cm. |
||
| 310 | _aIrregular | ||
| 362 | 1 | _aBegan in 1989. | |
| 588 | _aDescription based on: Vyp. 6, published in 1991. | ||
| 650 | 0 | _aComputer science. | |
| 650 | 7 |
_aComputer science. _2fast _0(OCoLC)fst00872451 |
|
| 710 | 2 |
_aVsesoi͡uznyĭ institut nauchnoĭ i tekhnicheskoĭ informat͡sii (Soviet Union) _1https://id.oclc.org/worldcat/entity/E39QH7JmrT7fRfb6M3wRJftrY6 |
|
| 776 | 0 | 8 |
_iOnline version: _tItogi nauki i tekhniki. Serii͡a Vychislitelʹnye nauki _w(OCoLC)609477324 |
| 906 |
_a7 _bcbc _cserials _d3 _encip _f19 _gn-oclcserc |
||
| 590 | _aSERBIB/SERLOC merged record | ||
| 890 |
_aItogi nauki i tekhniki. Serii͡a Vychislitelʹnye nauki. _i92-645607 |
||
| 920 | _aKeep 1 | ||
| 991 |
_bc-GenColl _hQA76 _i.I827 _wSERIALS |
||
| 991 |
_bc-GenColl _hQA76 _i.I827 _p00033911488 _tCopy 1 _v3-4 * 1990 _wCCF |
||
| 991 |
_bc-GenColl _hQA76 _i.I827 _p00034669016 _tCopy 1 _v6-8 * 1991 _wCCF |
||
| 992 |
_bEurRR _wSERLOC |
||
| 999 |
_c1817 _d1817 |
||